Visualizzazione normale
Vista MARC
di Personal Name
Records bibliografici associati: 5
001 - CONTROL NUMBER
- control field: 34328
003 - CONTROL NUMBER IDENTIFIER
- control field: IT-RoPau
005 - DATE AND TIME OF LATEST TRANSACTION
- control field: 20150507202352.0
008 - FIXED-LENGTH DATA ELEMENTS
- fixed length control field: 150507|| aca||aabn | a|a d
040 ## - CATALOGING SOURCE
- Original cataloging agency: IT-RoPau
- Transcribing agency: IT-RoPau
100 ## - HEADING--PERSONAL NAME
- Personal name:
- Titles and other words associated with a name: don
670 ## - SOURCE DATA FOUND
- Source citation: Work cat.: (IT-RoPau)8881: Zeno di Nomadelfia 34327, Sete di giustizia